1203 1085 1120 1036 1737 1948 1580 1577 1569 1880 1229 1157 1110 1895 1480 1263 1858 1720 1700 1946 1281 1208 1312 1038 1062 1553 1793 1151 1580 1577 1510 1743 1189 1345 1218 1325 1184 1360 1319 1377 1317 1673 1641 1011 1871 1280 1429 1749 1484 1507 1385 1202 1365 1065 1962 1066 1373 1387 1564 1235 1988 1816 1537 1035 1659 1724 1374 1613 1489 1425 1121 1729 1231 1509 1516 1230 1258 1921 1611 1817 1498 1313 1467 1612 1605 1407 1529 1220 1252 1555 1473 1271 1832 1526 1147 1712 1884 1518 1952 BCNSPRNW ULIB Ver.6.0+V

เปลี่ยนเป็นภาษาไทย

Change to English
 แสดงรายละเอียดบรรณานุกรม
  กลับหน้าหลัก

Brief Record : Get Marc (ISO 2709) : E-mail record : QR code < ปิดหน้าต่าง
LEADER : 00000nam 2200000uu 4500
001    13399128852
003     ULIB
008    241021s2565||||th 000 0 tha d
020 ^^ ^a9786164821095
060 ^^ ^aWM207^bอ7ก
100 ^^ ^aอุษา บิกกิ้นส์
245 ^^ ^aการสื่อสารเพื่อความรอบรู้โรคซึมเศร้า /^cอุษา บิกกิ้นส์, วารีทิพย์ บุญยอ, ผู้เขียน
250 ^^ ^aพิมพ์ครั้งที่ 1
260 ^^ ^aกรุงเทพฯ :^bสำนักพิมพ์สถาบันบัณฑิตพัฒนบริหารศาสตร์,^c2565
300 ^^ ^a202 หน้า :^bภาพประกอบ, ตาราง ;^c26 ซม.
505 ^^ ^aสารบาญ: รู้จักโรคซึมเศร้า - - โรคซึมเศร้าภัยมืดที่มองไม่เห็น - - กระบวนการรับมือโรคซึมเศร้า - - ความรอบรู้โรคซึมเศร้า - - การสื่อสารโรคซึมเศร้าภาคพลเมือง
590 ^^ ^aอุษา บิกกิ้นส์, และวารีทิพย์ บุญยอ. ^bการสื่อสารเพื่อความรอบรู้โรคซึมเศร้า. ^dสำนักพิมพ์สถาบันบัณฑิตพัฒนบริหารศาสตร์.
591 ^^ ^aอุษา บิกกิ้นส์, วารีทิพย์ บุญยอ. การสื่อสารเพื่อความรอบรู้โรคซึมเศร้า. กรุงเทพฯ: สำนักพิมพ์สถาบันบัณฑิตพัฒนบริหารศาสตร์; 2565.
650 ^^ ^aโรคซึมเศร้า
690 ^^ ^aสาขาวิชาการพยาบาลสุขภาพจิตและจิตเวช
700 ^^ ^aวารีทิพย์ บุญยอ
945    ^p365^l0^i011041
999    ^aประนอม เกษจรัล
รายการนี้ยังไม่มีแท็ก
คุณยังไม่ได้ล็อกอิน คุณสามารถมีกิจกรรมร่วมกับเว็บไซต์ได้ แต่ต้องล็อกอินก่อน ::
  ล็อกอิน

รายการสื่อสารสนเทศ

ลำดับที่ ประเภท เลขเรียก/บาร์โค้ด สถานที่ สถานะ
1. วิทยาศาสตร์การแพทย์ และสุขภาพ
หนังสือสำรอง
สถานะ=หนังสือสำรอง
WM207 อ7ก ฉ.1 
  Barcode: 011041
ห้องสมุดวิทยาเขตสวรรค์ประชารักษ์
►หนังสือทั่วไป
บนชั้น

รายการใกล้เคียง
    ผู้แต่ง [อุษา บิกกิ้นส์]

    หัวเรื่อง [โรคซึมเศร้า]

BibComment


ยังไม่เคยถูกคอมเมนท์

คอมเมนท์ทรัพยากรรายการนี้
  คอมเมนท์: การสื่อสารเพื่อค..


 Copyright 2026. Bcnsprnw @Library